Speech acts and prosodic modeling in service-oriented dialog systems (Record no. 65977)
[ view plain ]
| 000 -LEADER | |
|---|---|
| fixed length control field | 01521nam a2200373Ia 4500 |
| 082 04 - DEWEY DECIMAL CLASSIFICATION NUMBER | |
| Classification number | 005.4/37 |
| 100 1# - MAIN ENTRY--AUTHOR NAME | |
| Personal name | Alexandris, Christina. |
| 245 10 - TITLE STATEMENT | |
| Title | Speech acts and prosodic modeling in service-oriented dialog systems |
| 260 ## - PUBLICATION, DISTRIBUTION, ETC. (IMPRINT) | |
| Place of publication | New York : |
| Name of publisher | Novinka/Nova Science Publishers, |
| Year of publication | c2010. |
| 300 ## - PHYSICAL DESCRIPTION | |
| Number of Pages | 49 p. |
| 490 1# - SERIES STATEMENT | |
| Series statement | Computer science, technology and applications. |
| 650 #0 - SUBJECT ADDED ENTRY--TOPICAL TERM | |
| Topical Term | Human-computer interaction. |
| Topical Term | Natural language processing (Computer science) |
| Topical Term | Speech processing systems. |
| Topical Term | User interfaces (Computer systems) |
| Topical Term | Computer software |
| 856 40 - ELECTRONIC LOCATION AND ACCESS | |
| Uniform Resource Identifier | http://site.ebrary.com/lib/rucke/Doc?id=10661744 |
No items available.
